Совершенствование образования в области чрезвычайных ситуаций через интегрированную систему обучения "Кадетский корпус МЧС-ЮТИ ТПУ-предприятие"; Прогрессивные технологии и экономика в машиностроении

Bibliographic Details
Parent link:Прогрессивные технологии и экономика в машиностроении.— 2009.— С. 332-334
Main Author: Гусев А. С.
Other Authors: Гришагин В. М. (научный руководитель)
Language:Russian
Published: 2009
Subjects:
Format: Book Chapter
KOHA link:https://koha.lib.tpu.ru/cgi-bin/koha/opac-detail.pl?biblionumber=175220

MARC

LEADER 00000naa2a2200000 4500
001 175220
005 20231031165023.0
035 |a (RuTPU)RU\TPU\book\189987 
090 |a 175220 
100 |a 20100210d2009 k y0rusy50 ca 
101 0 |a rus 
102 |a RU 
200 1 |a Совершенствование образования в области чрезвычайных ситуаций через интегрированную систему обучения "Кадетский корпус МЧС-ЮТИ ТПУ-предприятие"  |f А. С. Гусев  |g науч. рук. В. М. Гришагин 
320 |a Библиогр.: 3 назв. 
463 0 |0 (RuTPU)RU\TPU\book\182778  |t Прогрессивные технологии и экономика в машиностроении  |o труды XIII региональной научно-практической конференции студентов и учащейся молодежи , 9-10 апреля 2009 г., Юрга  |f Томский политехнический университет (ТПУ), Юргинский технологический институт (ЮТИ) ; Прогрессивные технологии и экономика в машиностроении ; отв. за вып. Д. А. Чинахов  |v С. 332-334  |d 2009  |p 357 с. 
610 1 |a чрезвычайные ситуации 
610 1 |a интегрированные системы обучения 
610 1 |a обучение 
610 1 |a образование 
610 1 |a безопасность жизнедеятельности 
610 1 |a труды учёных ТПУ 
700 1 |a Гусев  |b А. С. 
702 1 |a Гришагин  |b В. М.  |4 727 
801 1 |a RU  |b 63413507  |c 20100210 
942 |c BK